000 00360nam a2200133Ia 4500
005 20260326235443.0
008 260326s9999||||xx |||||||||||||| ||und||
100 _aSmith W., Alan
245 0 _aPlanificación del Desarrollo en Panamá :
_b Ensayos Críticos /
_cAlan Smith W.
260 _bSibauste
300 _a284 p.
650 _aLATINOAMÉRICA
942 _cBK
999 _c7468
_d7468